[Event "FSV-ch 2014"]
[Site "Offene VM 2014"]
[Date "2014.04.03"]
[Round "4.15"]
[White "Baier, Jörg"]
[Black "Herrmann, Rudolf"]
[Result "0-1"]
[WhiteElo "1532"]
[BlackElo "1356"]
[PlyCount "170"]
[EventDate "2014.??.??"]
[Source "Pit Schulenburg"]
[SourceDate "2014.03.06"]

1. d4 d5 2. c4 c6 3. Nf3 Nf6 4. g3 Bg4 5. Bg2 e6 6. O-O Be7 7. Ne5 Bf5 8. Nc3
O-O 9. Bf4 Nbd7 10. cxd5 cxd5 11. Rc1 a6 12. Nxd7 Qxd7 13. a3 h6 14. Qb3 b5 15.
f3 Bd6 16. Bd2 Qa7 17. e3 Rac8 18. Rfd1 Kh8 19. Be1 Bc7 20. Bf2 Ba5 21. e4 Bxc3
22. exf5 Ba5 23. fxe6 fxe6 24. Qe3 Qe7 25. b4 Bb6 26. f4 Ng4 27. Qf3 Nxf2 28.
Qxf2 e5 29. Rxc8 Rxc8 30. fxe5 Rf8 31. Qd2 Qxe5 32. Kh1 Qd6 33. Qa2 Rf5 34. Qc2
Rf8 35. Qb3 Rd8 36. Bf1 Qf6 37. Qd3 Re8 38. Bg2 Rd8 {(=)} 39. Rf1 Qxd4 40. Qg6
Qe5 41. Qxb6 Qe7 42. Rd1 Qg5 43. Qxa6 d4 44. Qb6 d3 45. Be4 d2 46. Qg6 Qxg6 47.
Bxg6 Kg8 48. Kg2 Kf8 49. Kf2 Rd6 50. Bc2 Ra6 51. Rxd2 Rxa3 52. Ke2 Rc3 53. Kd1
Rc4 54. Rf2+ Ke7 55. Rf4 Rc8 56. Bb3 Rc3 57. Bc2 g5 58. Re4+ Kd6 59. Kd2 Ra3
60. Re3 Ra2 61. h3 h5 62. Kc1 Ra1+ 63. Kb2 Rh1 64. g4 h4 65. Rd3+ Ke5 66. Kc3
Rg1 67. Re3+ Kf4 68. Re4+ Kg3 69. Re3+ Kf2 70. Kd4 Rg3 71. Re5 Rxh3 72. Rxg5
Rg3 73. Rf5+ Rf3 74. Rxb5 h3 75. Rh5 Kg3 76. Be4 Rf4 77. Ke3 Rxg4 78. b5 h2 79.
b6 Rg8 80. b7 Rb8 81. Rg5+ Kh3 82. Bd5 Re8+ 83. Kd4 Rd8 84. Kc5 Rxd5+ 85. Kxd5
h1=Q+ 0-1

[Event "FSV-ch 2014"]
[Site "Offene VM 2014"]
[Date "2014.04.03"]
[Round "4.16"]
[White "Nettbohl, Werner"]
[Black "Wilkins, Petra"]
[Result "1-0"]
[WhiteElo "1497"]
[BlackElo "982"]
[PlyCount "101"]
[EventDate "2014.??.??"]
[Source "Pit Schulenburg"]
[SourceDate "2014.03.06"]

1. e4 d6 2. d4 Nf6 3. Bd3 g6 4. Nf3 Bg7 5. c3 O-O 6. h3 Nbd7 7. Be3 b6 8. Nbd2
Bb7 9. Rc1 Ne8 10. Nh2 d5 11. e5 e6 12. O-O a5 13. f4 a4 14. a3 c5 15. Ndf3 c4
16. Bc2 Bh6 17. Bxa4 Ng7 18. g4 Ne8 19. Bc2 f6 20. g5 fxg5 21. fxg5 Bg7 22. Ng4
Bh8 23. Nh6+ Kg7 24. Qe2 Rf5 25. Rf2 Kf8 26. Rcf1 Ng7 27. Nxf5 exf5 28. Kh2 Ne6
29. Qd2 Bg7 30. Nh4 Ke7 31. Bxf5 Bxe5+ 32. dxe5 Nxe5 33. Bxe6 Kxe6 34. Rf6+ Kd7
35. Bd4 Qb8 36. Qf4 Nd3 37. Rf7+ Kc6 38. Qxb8 Rxb8 39. R1f6+ Kb5 40. Rxb6+ Ka4
41. Rfxb7 Rxb7 42. Rxb7 Ka5 43. Nf3 Ka6 44. Rxh7 Nxb2 45. Rg7 Nd3 46. Rxg6+ Kb5
47. Rb6+ Ka4 48. g6 Nf4 49. g7 Ne2 50. g8=Q Nxd4 51. Qa8# 1-0

[Event "FSV-ch 2014"]
[Site "Offene VM 2014"]
[Date "2014.04.03"]
[Round "4.17"]
[White "Tautz, Eugen"]
[Black "Zabel, Reinhard"]
[Result "0-1"]
[WhiteElo "1375"]
[BlackElo "1487"]
[PlyCount "72"]
[EventDate "2014.??.??"]
[Source "Pit Schulenburg"]
[SourceDate "2014.03.06"]

1. c4 c5 2. Nc3 Nc6 3. Nf3 Nf6 4. e3 g6 5. d4 cxd4 6. exd4 d5 7. Bf4 Bg7 8. c5
a6 9. Be2 O-O 10. O-O Nh5 11. Be3 f5 12. Ne5 Nf6 13. Nxc6 bxc6 14. Qa4 Qc7 15.
Bf3 Ne4 16. Ne2 e5 17. Rad1 Be6 18. g3 Qb7 19. dxe5 Bxe5 20. Bd4 Bc7 21. Qc2
Rae8 22. b3 Bf7 23. Qb2 Be6 24. Bg2 Rf7 25. h4 Ref8 26. Qc1 f4 27. gxf4 Bxf4
28. Nxf4 Rxf4 29. h5 Qf7 30. h6 Qf5 31. Rd3 Nxf2 32. Rf3 Rxf3 33. Bxf3 Qxf3 34.
Bxf2 Bh3 35. Qg5 Bxf1 36. Qe3 Qxe3 $4 (36... Qg2#) 0-1

[Event "FSV-ch 2014"]
[Site "Offene VM 2014"]
[Date "2014.04.03"]
[Round "4.18"]
[White "Zhang, Jingfu"]
[Black "Reker, Gerhard"]
[Result "1-0"]
[WhiteElo "1453"]
[BlackElo "878"]
[PlyCount "57"]
[EventDate "2014.??.??"]
[Source "Pit Schulenburg"]
[SourceDate "2014.03.06"]

1. e4 e5 2. Nf3 Nc6 3. Bb5 a6 4. Ba4 Nf6 5. O-O Nxe4 6. Re1 d5 7. Nxe5 Bc5 8.
d4 b5 9. Nxc6 Qf6 10. f3 bxa4 11. dxc5 Qxc6 12. Qd4 O-O 13. fxe4 Qg6 14. Re3 c6
15. Rg3 Bg4 16. Nc3 f6 17. Bf4 Qh5 18. exd5 Rab8 19. Bxb8 Rxb8 20. b3 a3 21.
dxc6 Bf5 22. Qxf6 Bg6 23. Qd4 Qf5 24. Qd5+ Kh8 25. Qxf5 Bxf5 26. Rd1 Bxc2 27.
Rd7 Rc8 28. c7 Bf5 29. Rd8+ 1-0

[Event "FSV-ch 2014"]
[Site "Offene VM 2014"]
[Date "2014.04.03"]
[Round "4.19"]
[White "Winkler, Harald"]
[Black "Schirmer, Michael"]
[Result "1/2-1/2"]
[WhiteElo "1280"]
[BlackElo "1452"]
[PlyCount "116"]
[EventDate "2014.??.??"]
[Source "Pit Schulenburg"]
[SourceDate "2014.03.06"]

1. Nf3 g6 2. d4 Bg7 3. Nc3 c6 4. g3 d5 5. b3 Nf6 6. Na4 Nbd7 7. Nb2 O-O 8. c4
Ne4 9. e3 Ndf6 10. Nd2 Bf5 11. Nxe4 Nxe4 12. Bg2 Qa5+ 13. Bd2 Nxd2 14. Qxd2
Qxd2+ 15. Kxd2 e6 16. c5 Rfe8 17. Rhe1 e5 18. Kc3 exd4+ 19. exd4 b6 20. b4 bxc5
21. bxc5 Rab8 22. Nd3 Rxe1 23. Rxe1 Bxd3 24. Kxd3 Rb2 25. Re8+ Bf8 26. Ke3 Rxa2
27. Rc8 Ra6 28. Bh3 Kg7 29. Bd7 Ra3+ 30. Ke2 Ra2+ 31. Kf3 Ra3+ 32. Kg2 Rd3 33.
Bxc6 Rxd4 34. Rd8 Bxc5 35. Rxd5 Rxd5 36. Bxd5 g5 37. g4 f6 38. h3 a5 39. Kf3
Kf8 40. Ke2 Ke7 41. f3 Kd6 42. Bg8 h6 43. Kd3 Ke5 44. Kc4 Bb4 45. Kb3 Kf4 46.
Bd5 Kg3 47. Be4 Kxh3 48. Kc4 Kh4 49. Bg6 Kg3 50. Be4 Kf4 51. Kb5 Ke5 (51... f5
$1 52. Bxf5 (52. gxf5 h5) 52... h5 $1 53. Bd3 h4 54. Bf1 Kxf3 $19) 52. Kc4 Kd6
53. Kb5 Ke5 54. Kc4 Be1 55. Kb5 Kd4 56. Bc6 Ke5 57. Be4 Bd2 58. Ka4 Kd4 1/2-1/2

[Event "FSV-ch 2014"]
[Site "Offene VM 2014"]
[Date "2014.04.10"]
[Round "4.20"]
[White "Hast, Stefan"]
[Black "Link, Werner"]
[Result "1/2-1/2"]
[WhiteElo "1240"]
[BlackElo "1444"]
[PlyCount "73"]
[EventDate "2014.??.??"]
[Source "Pit Schulenburg"]
[SourceDate "2014.03.06"]

1. e4 d5 2. exd5 Qxd5 3. Nc3 Qa5 4. Nf3 c6 5. Bc4 Bf5 6. d3 e6 7. Nh4 Bg6 8.
Nxg6 hxg6 9. Bd2 Qc7 10. g3 Nf6 11. Qe2 Nbd7 12. O-O-O Bd6 13. Bxe6 O-O-O $4 (
13... fxe6 14. Qxe6+ Be7 15. Rde1 Nc5 $17) 14. Bxf7 $18 Ne5 15. Bxg6 $2 Nxg6
$11 16. Bg5 Rde8 17. Qf3 Ne5 18. Qg2 Nf7 19. Bxf6 gxf6 20. h4 Kb8 21. Rh3 Be5
22. d4 Bd6 23. d5 Ne5 24. dxc6 Nxc6 25. Nb5 Qa5 26. Nxd6 $18 Re1 27. Rh1 Rxd1+
28. Rxd1 Rd8 29. Nc4 Rxd1+ 30. Kxd1 Qxa2 31. b3 Qa1+ 32. Kd2 {(=)} 32... Qd4+
33. Kc1 (33. Ke2 $18) 33... Nb4 34. f4 Na2+ 35. Kb1 Nc3+ 36. Kc1 Na2+ 37. Kb1
1/2-1/2

[Event "FSV-ch 2014"]
[Site "Offene VM 2014"]
[Date "2014.04.03"]
[Round "4.21"]
[White "Gerke, Dieter"]
[Black "Kawka, Bogdan"]
[Result "0-1"]
[WhiteElo "1423"]
[BlackElo "1279"]
[PlyCount "52"]
[EventDate "2014.??.??"]
[Source "Pit Schulenburg"]
[SourceDate "2014.03.06"]

1. d4 Nf6 2. c4 e6 3. Nc3 Bb4 4. a3 Bxc3+ 5. bxc3 c5 6. e3 b6 7. Nf3 Bb7 8. Be2
d5 9. O-O O-O 10. Rb1 Nbd7 11. Nd2 e5 12. cxd5 Nxd5 13. Qb3 Qg5 14. Bf3 exd4
15. cxd4 N7f6 16. dxc5 Bc6 17. Bb2 Nd7 18. cxb6 axb6 19. Rfd1 Nc5 20. Qc4 Ra4
21. Qc2 Rh4 22. Nb3 Nxe3 23. fxe3 Bxf3 24. Nxc5 Bxd1 25. Qxd1 Qxe3+ 26. Kh1
bxc5 0-1

[Event "FSV-ch 2014"]
[Site "Offene VM 2014"]
[Date "2014.04.03"]
[Round "4.22"]
[White "Schmidt, Andreas N"]
[Black "Heinz, Hans-Werner"]
[Result "1-0"]
[WhiteElo "1024"]
[BlackElo "1163"]
[PlyCount "31"]
[EventDate "2014.??.??"]
[Source "Pit Schulenburg"]
[SourceDate "2014.03.06"]

1. e4 e5 2. d4 exd4 3. c3 dxc3 4. Bc4 d6 5. Nxc3 Nf6 6. e5 dxe5 7. Bxf7+ Ke7 8.
Qb3 b6 9. Nf3 Nc6 10. Bg5 Qd6 11. Rd1 Nd4 12. Nxd4 exd4 13. Ne4 Qe5 14. O-O c5
15. Rfe1 Qf5 16. Ng3+ 1-0

[Event "FSV-ch 2014"]
[Site "Offene VM 2014"]
[Date "2014.04.03"]
[Round "4.23"]
[White "Jürgens, Ulrich"]
[Black "Rabe, Mark"]
[Result "1-0"]
[WhiteElo "1062"]
[BlackElo "1044"]
[PlyCount "113"]
[EventDate "2014.??.??"]
[Source "Pit Schulenburg"]
[SourceDate "2014.03.06"]

1. Nf3 d5 2. d4 Nf6 3. g3 b6 4. Nc3 Bb7 5. Bg2 Nc6 6. a3 e6 7. O-O Be7 8. Re1
Ne4 9. Qd3 Nxc3 10. Qxc3 O-O 11. b4 Bf6 12. Bf4 Re8 13. e4 dxe4 14. Ne5 Qxd4
15. Qxd4 Nxd4 16. Rac1 g5 17. Nd7 Be7 18. Bxc7 Rec8 19. Be5 Rxc2 20. Bxd4 Rxc1
21. Rxc1 Rd8 22. Rc7 Ba6 {Diagramm # Beide Parteien notieren hier
uebereinstimmend ein Schachgebot durch den schwarzen Laeufer auf a6 nebst der
Parade 23.Kg1. Der Umstand, dass der weisse Koenig tatsaechlich noch immer auf
g1 stehen sollte, laesst als einzige Erklaerung zu, dass er im Laufe des
Spiels versehentlich und unbemerkt nach f1 verrueckt worden war. Die weitere
Erfassung dieser Partie erfolgt nun mittels Einschaltung eines sogenannten
"Nullzugs" ...} 23. -- {(Nullzug anstelle von 23.Kf1-g1)} 23... Bd3 24. Rxa7 b5
25. Bb6 Rc8 26. Nc5 Bxc5 27. Bxc5 Bc2 28. Bf1 Rd8 29. Kg2 g4 30. Ra5 Kg7 31.
Rxb5 e3 32. Bxe3 Be4+ 33. Kg1 Rd1 34. Rg5+ Kf6 35. Rxg4 Bd3 36. Kg2 Bxf1+ 37.
Kf3 e5 38. a4 Re1 39. Rh4 Be2+ 40. Ke4 Rd1 41. a5 Ba6 42. Rh6+ Ke7 43. Rxa6 f6
44. Rc6 Rb1 45. Bc5+ Kd7 46. Rxf6 Re1+ 47. Kf3 e4+ 48. Kg2 h5 49. Rh6 Re2 50.
Rxh5 Kc6 51. a6 Ra2 52. a7 Kb7 53. Rh8 Ra4 54. a8=Q+ Rxa8 55. Rxa8 Kxa8 56. h4
Kb7 57. h5 {und Schwarz gab auf.    Allgemeiner Hinweis: Waere einem der
Spieler (oder einem Schiedsrichter) selbst noch kurz vor Ende der Partie
aufgefallen, dass zwischenzeitlich mit einer regelwidrig und zu einem
unbekannten Zeitpunkt zustande gekommenen Stellung gespielt wurde, waere die
Stellung nach dem 22. Zug mit korrekter Position des weissen Koenigs
rekonstruiert und die Partie von dortaus fortgesetzt worden. Dagegen behalten
illegale Zuege oder Stellungen ihre Gueltigkeit, wenn sie erst nach Partieende
bemerkt werden!} 1-0

[Event "FSV-ch 2014"]
[Site "Offene VM 2014"]
[Date "2014.04.24"]
[Round "5.1"]
[White "Zachos, Ingo"]
[Black "Bommert, Christian"]
[Result "1-0"]
[WhiteElo "1871"]
[BlackElo "1770"]
[PlyCount "75"]
[EventDate "2014.??.??"]
[Source "Pit Schulenburg"]
[SourceDate "2014.03.06"]

1. e4 d5 2. Nc3 dxe4 3. Nxe4 Qd5 4. Qf3 Bf5 5. Nd6+ Qxd6 6. Qxf5 Nc6 7. Nf3 g6
8. Qb5 O-O-O 9. Be2 e5 10. d3 f5 11. c3 Nf6 12. O-O h6 13. d4 e4 14. Nh4 Nd5
15. Bc4 Nde7 16. g3 a6 17. Qa4 g5 18. Ng2 Kb8 19. b3 Nc8 20. b4 b5 21. Bxb5
axb5 22. Qxb5+ Nb6 23. a4 Qd5 24. Qa6 Qc4 25. b5 f4 26. gxf4 Bd6 27. Ne3 Qe2
28. Ra2 Nb4 29. Qxb6+ cxb6 30. Rxe2 gxf4 31. Nc4 Rhg8+ 32. Kh1 Nd3 33. Rxe4 Bc7
34. a5 Rg6 35. axb6 Bxb6 36. Bxf4+ Bc7 37. Bxc7+ Kxc7 38. Re3 1-0

[Event "FSV-ch 2014"]
[Site "Offene VM 2014"]
[Date "2014.04.24"]
[Round "5.2"]
[White "Nachbar, Benjamin"]
[Black "Zelt, Jens"]
[Result "1/2-1/2"]
[WhiteElo "2133"]
[BlackElo "1994"]
[PlyCount "37"]
[EventDate "2014.??.??"]
[Source "Pit Schulenburg"]
[SourceDate "2014.03.06"]

1. d4 e6 2. c4 d5 3. Nc3 c6 4. cxd5 exd5 5. g3 Bd6 6. Bg2 f5 7. Nh3 Nf6 8. O-O
O-O 9. Qb3 Kh8 10. Bf4 Qe7 11. Rfe1 Nbd7 {(=)} 12. e4 dxe4 13. f3 Bxf4 14. Nxf4
Qd6 15. Rad1 Nb6 16. fxe4 fxe4 17. Nxe4 Nxe4 18. Rxe4 Bf5 19. Re3 1/2-1/2

[Event "FSV-ch 2014"]
[Site "Offene VM 2014"]
[Date "2014.04.24"]
[Round "5.3"]
[White "Brendemühl, Bernd"]
[Black "Mokros, Jürgen"]
[Result "1/2-1/2"]
[WhiteElo "1962"]
[BlackElo "1528"]
[PlyCount "66"]
[EventDate "2014.??.??"]
[Source "Pit Schulenburg"]
[SourceDate "2014.03.06"]

1. e4 e6 2. d4 d5 3. Nc3 dxe4 4. Nxe4 Bd7 5. Nf3 Bc6 6. Bd3 Nd7 7. O-O Ngf6 8.
Qe2 Be7 9. c4 Bxe4 10. Bxe4 Nxe4 11. Qxe4 c6 12. Qg4 Bf6 13. Bf4 Nb6 14. b3 Qe7
15. Rad1 O-O-O 16. a4 h5 17. Qg3 Rhg8 18. a5 Na8 19. d5 g5 20. Be5 h4 21. Qg4
Bxe5 22. Nxe5 f5 23. Qd4 exd5 24. cxd5 Rxd5 25. Qxa7 Rxd1 26. Qxa8+ Kc7 27.
Qxg8 Rxf1+ 28. Kxf1 Qxe5 29. Qxg5 Qb5+ 30. Ke1 Qxa5+ 31. Kd1 Qd5+ 32. Kc2 Qe4+
33. Kd2 b5 {(=)} 1/2-1/2

[Event "FSV-ch 2014"]
[Site "Offene VM 2014"]
[Date "2014.04.24"]
[Round "5.4"]
[White "Grube, Jörg"]
[Black "Begna, Bozidar"]
[Result "1-0"]
[WhiteElo "1792"]
[BlackElo "1902"]
[PlyCount "97"]
[EventDate "2014.??.??"]
[Source "Pit Schulenburg"]
[SourceDate "2014.03.06"]

1. d4 Nf6 2. c4 d6 3. Nf3 Nbd7 4. Nc3 e5 5. e4 c6 6. Be2 Be7 7. O-O O-O 8. a4
a5 9. d5 $146 ({Relevant:} 9. Qc2 Qc7 10. Bg5 b6 11. h3 Re8 12. d5 c5 13. Nd2
Qd8 14. Be3 Nf8 15. f4 exf4 16. Bxf4 Ng6 17. Bh2 Nd7 18. Nf3 Bf8 19. Ra3 Nge5
20. Nb5 Ba6 21. Qd2 Bxb5 22. axb5 g6 23. Bf4 Bg7 24. Bg5 Bf6 25. h4 Bxg5 26.
hxg5 Ra7 27. Qf4 Qe7 28. Nh4 Rf8 29. Rh3 f6 30. gxf6 Rxf6 31. Qg3 Rxf1+ 32.
Bxf1 Nf7 33. Nf5 Qe5 34. Ne3 Ng5 35. Qh4 Nxh3+ 36. gxh3 Nf6 37. Bg2 Re7 38. Kh1
h5 {Ilicic,M (2029)-Dikic,V (1925)/Senta 2013/EXT 2014/0-1}) 9... Nc5 10. Nd2
Ne8 11. Nb3 Na6 12. f4 f5 13. fxe5 dxe5 14. exf5 Bxf5 15. Be3 Nb4 16. Rc1 Bg5
17. Bxg5 Qxg5 18. d6 Nf6 19. c5 Qg6 20. Qd2 Nd7 21. Nd1 Be4 22. Ne3 Bd3 23.
Bxd3 Nxd3 24. Nf5 Rxf5 25. Qxd3 Rxf1+ 26. Qxf1 Qe6 27. Qc4 Kf7 28. Qc3 Qg4 29.
Nxa5 Qxa4 30. Nc4 Re8 31. Qh3 Rd8 32. Nxe5+ Nxe5 33. Qf5+ Kg8 34. Qxe5 Qb3 35.
Re1 Qf7 36. h3 Rf8 37. Qe6 Rd8 38. Qxf7+ Kxf7 39. Re7+ Kf6 40. Rxb7 h6 41. Rb6
Ke6 42. Rxc6 Rb8 43. Rb6 Ra8 44. b4 Ra2 45. Rb7 g5 46. Re7+ Kf6 47. c6 Rd2 48.
c7 Rxd6 49. Re8 1-0

[Event "FSV-ch 2014"]
[Site "Offene VM 2014"]
[Date "2014.04.24"]
[Round "5.5"]
[White "Benke, Werner"]
[Black "Lauche, Christoph"]
[Result "0-1"]
[WhiteElo "1534"]
[BlackElo "1887"]
[PlyCount "28"]
[EventDate "2014.??.??"]
[Source "Pit Schulenburg"]
[SourceDate "2014.03.06"]

1. d4 c5 2. dxc5 e6 3. Nf3 Bxc5 4. e3 d5 5. Be2 Nf6 6. O-O O-O 7. c4 dxc4 8.
Bxc4 Qc7 9. Bb3 b6 10. Qc2 Nc6 11. a3 Bb7 12. Bd2 Ne5 13. Nd4 Neg4 14. g3 e5
0-1

[Event "FSV-ch 2014"]
[Site "Offene VM 2014"]
[Date "2014.04.28"]
[Round "5.6"]
[White "Dieckmann, Rudolf"]
[Black "Sack, Thomas"]
[Result "1-0"]
[WhiteElo "1633"]
[BlackElo "1808"]
[PlyCount "57"]
[EventDate "2014.??.??"]
[Source "Pit Schulenburg"]
[SourceDate "2014.03.06"]

1. d4 e6 2. c4 Nf6 3. Nc3 c5 4. d5 d6 5. e4 e5 6. Nf3 Be7 7. h3 Na6 8. a3 Nc7
9. b4 b6 10. Bd3 h6 11. O-O Nh7 12. Nh2 Bg5 13. f4 exf4 14. Bxf4 Bxf4 15. Rxf4
Qg5 16. Rf3 Qe5 17. Qe1 Ng5 18. Rg3 a5 19. bxc5 bxc5 20. h4 Nh7 21. Nf3 Qf6 22.
Ra2 O-O 23. e5 Qf4 24. Bxh7+ Kxh7 25. Qe4+ Qxe4 26. Nxe4 dxe5 27. Nxc5 Re8 28.
d6 e4 29. Re2 $2 {Ein schwacher Zug, der erstaunlicherweise den Gegner zur
Aufgabe bewegt! Offensichtlich waehnte Schwarz seinen Te8 ungedeckt und somit
seinen e-Bauern gefesselt.} 1-0

[Event "FSV-ch 2014"]
[Site "Offene VM 2014"]
[Date "2014.05.08"]
[Round "5.7"]
[White "Guddat, Jörn"]
[Black "Boeck, Matthias"]
[Result "1-0"]
[WhiteElo "1777"]
[BlackElo "1697"]
[PlyCount "91"]
[EventDate "2014.??.??"]
[Source "Pit Schulenburg"]
[SourceDate "2014.03.06"]

1. d4 f5 2. g3 Nf6 3. c4 g6 4. Nc3 Bg7 5. Nf3 O-O 6. Bg2 d6 7. O-O Qe8 8. Re1
c6 9. b3 Na6 10. Bb2 d5 11. Ne5 Nc7 12. Qc2 Be6 13. c5 Nd7 14. f4 Nxe5 15. dxe5
Bf7 16. e3 e6 17. Ne2 Qe7 18. Nd4 h6 19. a4 g5 20. b4 Rfc8 21. Qe2 g4 22. h3 h5
23. hxg4 hxg4 24. Kf2 Be8 25. Ba3 a6 26. Rh1 Bg6 27. Rh4 Kf7 28. Nb3 Rh8 29.
Rah1 Rxh4 30. Rxh4 Kg8 31. Qd2 Be8 32. Bf1 Bd7 33. Be2 Kf7 34. Na5 Rb8 35. Qd1
Be8 36. Qh1 Qd7 37. Rh5 Kg8 38. Rg5 Qe7 39. Nb3 Kf8 {(=)} 40. Qh4 Qf7 41. Nd4
Bd7 42. Bd3 Kg8 43. Bb2 Rf8 44. Rxg4 Qe8 45. Rg5 Rf7 46. Be2 1-0

[Event "FSV-ch 2014"]
[Site "Offene VM 2014"]
[Date "2014.04.24"]
[Round "5.8"]
[White "Reschop, Romano"]
[Black "Kemna, Martin"]
[Result "0-1"]
[WhiteElo "1701"]
[BlackElo "1932"]
[PlyCount "60"]
[EventDate "2014.??.??"]
[Source "Pit Schulenburg"]
[SourceDate "2014.03.06"]

1. e4 c6 2. d4 d5 3. exd5 cxd5 4. Bd3 Bd7 5. Nf3 Nf6 6. c3 Qb6 7. Qe2 Nc6 8.
O-O e6 9. Nbd2 Bd6 10. Ne5 Bxe5 11. dxe5 Ng8 12. Kh1 h5 13. f4 g6 14. Nf3 Nge7
15. Be3 Qc7 16. Nd4 Nxd4 17. Bxd4 b6 18. Bf2 h4 19. Qg4 h3 20. gxh3 d4 21. Be4
Bc6 22. Bxc6+ Qxc6+ 23. Qg2 dxc3 24. bxc3 Rxh3 25. Qxc6+ Nxc6 26. Rfd1 Rxc3 27.
Bh4 Ne7 28. Rd2 Nd5 29. Rad1 Rac8 30. Kg2 Ne3+ 0-1

[Event "FSV-ch 2014"]
[Site "Offene VM 2014"]
[Date "2014.04.24"]
[Round "5.9"]
[White "Zabel, Reinhard"]
[Black "Schütz, Ralf"]
[Result "0-1"]
[WhiteElo "1497"]
[BlackElo "1815"]
[PlyCount "62"]
[EventDate "2014.??.??"]
[Source "Pit Schulenburg"]
[SourceDate "2014.03.06"]

1. e4 c5 2. c3 d5 3. exd5 Qxd5 4. d4 Nf6 5. Nf3 e6 6. Be2 cxd4 7. Qxd4 Bc5 8.
Qxd5 Nxd5 9. Bb5+ Bd7 10. Bxd7+ Nxd7 11. Nbd2 O-O 12. Nb3 f6 13. O-O Rfd8 14.
Re1 e5 15. Bd2 Bb6 16. Rad1 a5 17. a4 Nc7 18. Be3 Bxe3 19. fxe3 Ne6 20. Rd2
Ndc5 21. Rxd8+ Rxd8 22. Nxa5 b6 23. Nc4 Nxa4 24. Re2 Rc8 25. Nd6 Rc6 26. Rd2
Kf8 27. Nb5 Rc5 28. Nd6 Rc6 29. Kf2 Nec5 30. c4 Nxb2 31. Rxb2 Nd3+ 0-1

[Event "FSV-ch 2014"]
[Site "Offene VM 2014"]
[Date "2014.04.24"]
[Round "5.10"]
[White "Herrmann, Rudolf"]
[Black "Jost, Udo"]
[Result "0-1"]
[WhiteElo "1351"]
[BlackElo "1838"]
[PlyCount "56"]
[EventDate "2014.??.??"]
[Source "Pit Schulenburg"]
[SourceDate "2014.03.06"]

1. d4 Nf6 2. c4 e5 3. dxe5 Ne4 4. Nf3 Nc6 5. Nc3 Bb4 6. Qc2 Bxc3+ 7. bxc3 Nc5
8. Bg5 Ne7 9. e3 b6 10. Bd3 h6 11. Bxe7 Qxe7 12. O-O Bb7 13. e4 g5 14. Rfe1 g4
15. Nd4 Qxe5 16. Nf5 h5 17. Nh4 Ne6 18. g3 Ng5 19. Bf1 O-O-O 20. Bg2 Rh6 21. f4
gxf3 22. Nxf3 Nxf3+ 23. Bxf3 h4 24. g4 h3 25. Re3 Rg8 26. Rd1 Rhg6 27. Rd2 f5
28. exf5 Qxe3+ 0-1

[Event "FSV-ch 2014"]
[Site "Offene VM 2014"]
[Date "2014.04.24"]
[Round "5.11"]
[White "Yangibayev, Rustam"]
[Black "Rauschenbusch, Udo"]
[Result "1/2-1/2"]
[WhiteElo "1495"]
[BlackElo "1674"]
[PlyCount "51"]
[EventDate "2014.??.??"]
[Source "Pit Schulenburg"]
[SourceDate "2014.03.06"]

1. d4 f5 2. c4 Nf6 3. Nc3 g6 4. Bg5 Bg7 5. Nf3 d6 6. e3 O-O 7. h4 Qe8 8. Be2 c6
9. Qb3 Nbd7 10. O-O-O e5 11. dxe5 dxe5 12. Kb1 Nc5 13. Qc2 h6 14. Bxf6 Bxf6 15.
Nd2 e4 16. Nb3 Nxb3 17. Qxb3 Be6 18. Rd6 Be5 19. Rd2 b5 20. Qb4 a5 21. Qc5 Bf6
22. cxb5 cxb5 23. Nd5 Qf7 24. Nxf6+ Qxf6 25. Rd6 Rac8 26. Qd4 1/2-1/2

[Event "FSV-ch 2014"]
[Site "Offene VM 2014"]
[Date "2014.04.24"]
[Round "5.12"]
[White "Kawka, Bogdan"]
[Black "Orlowski, Wilfried"]
[Result "0-1"]
[WhiteElo "1262"]
[BlackElo "1566"]
[PlyCount "46"]
[EventDate "2014.??.??"]
[Source "Pit Schulenburg"]
[SourceDate "2014.03.06"]

1. e4 c5 2. Nf3 d6 3. Be2 a6 4. a4 Nf6 5. Nc3 Nc6 6. O-O Nd4 7. d3 e5 8. Bg5
Be7 9. Bxf6 Bxf6 10. Nd5 O-O 11. c3 Nxe2+ 12. Qxe2 Be6 13. c4 Bxd5 14. cxd5 Be7
15. Nd2 f5 16. f4 Bf6 17. Nc4 fxe4 18. dxe4 exf4 19. Rxf4 Bd4+ 20. Kh1 Rxf4 21.
g3 Rf2 22. Qg4 Qf6 23. Re1 Rf1+ 0-1

[Event "FSV-ch 2014"]
[Site "Offene VM 2014"]
[Date "2014.04.24"]
[Round "5.13"]
[White "Reinacher, Detlev"]
[Black "Nettbohl, Werner"]
[Result "1-0"]
[WhiteElo "1565"]
[BlackElo "1474"]
[PlyCount "55"]
[EventDate "2014.??.??"]
[Source "Pit Schulenburg"]
[SourceDate "2014.03.06"]

1. e4 e5 2. d3 Nf6 3. Nf3 Nc6 4. g3 Bc5 5. Bg2 d6 6. O-O h6 7. c3 Bg4 8. Nbd2
O-O 9. b4 Bb6 10. a4 a5 11. b5 Ne7 12. Qc2 Rb8 13. Bb2 Qd7 14. Nc4 Nc8 15. Rfe1
Be6 16. Nxb6 Nxb6 17. c4 Bh3 18. Bh1 Nc8 19. Qd2 b6 20. d4 exd4 21. Nxd4 Ne7
22. Nc6 Nxc6 23. bxc6 Qe6 24. Qc3 Rbe8 25. f4 Bg4 26. e5 dxe5 27. fxe5 Nh5 28.
Ba3 1-0

[Event "FSV-ch 2014"]
[Site "Offene VM 2014"]
[Date "2014.04.24"]
[Round "5.14"]
[White "Khess, Roman"]
[Black "Kirmes, Hans-Uwe"]
[Result "1-0"]
[WhiteElo "1626"]
[BlackElo "1291"]
[PlyCount "69"]
[EventDate "2014.??.??"]
[Source "Pit Schulenburg"]
[SourceDate "2014.03.06"]

1. c4 Nf6 2. Nc3 e5 3. g3 d5 4. cxd5 Nxd5 5. Bg2 Be6 6. d3 Nc6 7. a3 Be7 8. Nf3
O-O 9. Nxd5 Bxd5 10. b4 a6 11. O-O Re8 12. Bb2 Bd6 13. Re1 Qd7 14. e4 Be6 15.
d4 exd4 16. e5 Be7 17. Nxd4 Red8 18. Nxc6 bxc6 19. Qxd7 Bxd7 20. Rac1 Rab8 21.
Bxc6 Bxc6 22. Rxc6 Rd2 23. Bc1 Ra2 24. Rxc7 Re8 25. Rd1 Kf8 26. Rdd7 Ra1 27.
Kg2 Ra2 28. h4 h6 29. Ra7 h5 30. Rxa6 Bxb4 31. Raa7 Be7 32. a4 Re2 33. Bf4 Rb2
34. Be3 Rb3 35. Rxe7 1-0

[Event "FSV-ch 2014"]
[Site "Offene VM 2014"]
[Date "2014.04.24"]
[Round "5.15"]
[White "Zhang, Jingfu"]
[Black "Gerke, Dieter"]
[Result "1-0"]
[WhiteElo "1533"]
[BlackElo "1396"]
[PlyCount "70"]
[EventDate "2014.??.??"]
[Source "Pit Schulenburg"]
[SourceDate "2014.03.06"]

1. e4 c5 2. Nf3 d6 3. d4 cxd4 4. Nxd4 a6 5. Nc3 Nf6 6. Bc4 e5 7. Nde2 Be7 8.
O-O Bg4 9. Be3 Nc6 10. f3 Be6 11. Nd5 Bxd5 12. exd5 Na5 13. Bb3 Rc8 14. c3 O-O
15. a3 Nd7 16. Bc2 Nc4 17. Qd3 f5 18. Rab1 Ndb6 19. Bc1 Rc5 20. Ng3 Rxd5 21.
Qe2 g6 22. b3 Na5 23. c4 Rd4 24. Be3 Rh4 25. Bf2 Rh6 26. Qe3 f4 27. Qxb6 fxg3
28. Be3 Rxh2 29. Qxd8 Bxd8 30. Rfd1 Rf6 31. Bf2 Rxf3 32. gxf3 Rxf2 33. Be4 Bc7
34. c5 Ra2 35. b4 Nc4 1-0

[Event "FSV-ch 2014"]
[Site "Offene VM 2014"]
[Date "2014.04.24"]
[Round "5.16"]
[White "Jähnicke, Karl-Heinz"]
[Black "Hast, Stefan"]
[Result "1-0"]
[WhiteElo "1743"]
[BlackElo "1240"]
[PlyCount "35"]
[EventDate "2014.??.??"]
[Source "Pit Schulenburg"]
[SourceDate "2014.03.06"]

1. d4 Nf6 2. c4 e6 3. Nf3 Bb4+ 4. Nbd2 Ne4 5. Qc2 Nxd2 6. Nxd2 b6 7. a3 Bxd2+
8. Bxd2 Bb7 9. e4 d6 10. Be2 O-O 11. O-O-O d5 12. Bb4 Re8 13. exd5 exd5 14. Bf3
Na6 15. Bc3 Rb8 16. Qa4 dxc4 17. Bxb7 Rxb7 18. Qxa6 1-0